|
|
|
|
| LEADER |
01512nam a2200361 i 4500 |
| 001 |
EBC3121233 |
| 003 |
MiAaPQ |
| 005 |
20200520144314.0 |
| 006 |
m o d | |
| 007 |
cr cnu|||||||| |
| 008 |
141218t20142014enkad o 000 0 eng d |
| 020 |
|
|
|a 9781780405926
|q (electronic bk.)
|
| 035 |
|
|
|a (MiAaPQ)EBC3121233
|
| 035 |
|
|
|a (Au-PeEL)EBL3121233
|
| 035 |
|
|
|a (CaPaEBR)ebr10994512
|
| 035 |
|
|
|a (OCoLC)919516712
|
| 040 |
|
|
|a MiAaPQ
|b eng
|e rda
|e pn
|c MiAaPQ
|d MiAaPQ
|
| 050 |
|
4 |
|a HF5549.5.P35
|b .B784 2014
|
| 082 |
0 |
|
|a 658.3125
|2 23
|
| 100 |
1 |
|
|a Brueck, Terrance M.,
|e author.
|
| 245 |
1 |
0 |
|a Leading practices and key performance indicators for asset maintenance :
|b strategic asset management : communication and implementation /
|c by Terry Brueck.
|
| 264 |
|
1 |
|a London, England :
|b IWA Publishing,
|c 2014.
|
| 264 |
|
4 |
|c 2014
|
| 300 |
|
|
|a 1 online resource (220 pages) :
|b illustrations (some color), charts
|
| 336 |
|
|
|a text
|2 rdacontent
|
| 337 |
|
|
|a computer
|2 rdamedia
|
| 338 |
|
|
|a online resource
|2 rdacarrier
|
| 588 |
|
|
|a Description based on online resource; title from PDF title page (ebrary, viewed December 18, 2014).
|
| 590 |
|
|
|a Electronic reproduction. Ann Arbor, MI : ProQuest, 2015. Available via World Wide Web. Access may be limited to ProQuest affiliated libraries.
|
| 650 |
|
0 |
|a Performance standards
|x Management.
|
| 655 |
|
4 |
|a Electronic books.
|
| 797 |
2 |
|
|a ProQuest (Firm)
|
| 856 |
4 |
0 |
|u https://ebookcentral.proquest.com/lib/matrademy/detail.action?docID=3121233
|z Click to View
|